Un adolescente en mi vida /
Manual para padres útil para conocer los naturales cambios emocionales y físicos de los chicos adolescentes. Mediante el uso de ejemplos prácticos se ofrecen estratégias útiles para afrontar las diferentes situaciones para conseguir exitosamente el educar y mantener una relación padres-hijos valiosa...
保存先:
| 第一著者: | |
|---|---|
| その他の著者: | |
| フォーマット: | 図書 |
| 言語: | スペイン語 |
| 出版事項: |
Madrid, España :
Pirámide,
2002, c2002
|
| シリーズ: | (Guías para Padres Pirámide)
|
| 主題: | |
| タグ: |
タグなし, このレコードへの初めてのタグを付けませんか!
|
MARC
| LEADER | 00000nam^a2200000^a^4500 | ||
|---|---|---|---|
| 001 | 000166134 | ||
| 005 | 20250521000000.0 | ||
| 009 | 20260310101042.507 | ||
| 020 | |a 84-368-1733-8 | ||
| 037 | |a Acervo ITESO - Biblioteca | ||
| 041 | |a ESP | ||
| 082 | |a 155. 5 |b MAC | ||
| 100 | |a Macià Antón, Diego |e (autor) | ||
| 245 | 1 | 3 | |a Un adolescente en mi vida / |c D. Macià Antón ; pról. de J. Rodríguez Marín. |
| 264 | 4 | |a Madrid, España : |b Pirámide, |c 2002, c2002 | |
| 300 | |a 174 p. | ||
| 336 | |a texto |b txt |2 rdacontenido | ||
| 337 | |a sin mediación |b n |2 rdamedio | ||
| 338 | |a volumen |b nc |2 rdasoporte | ||
| 440 | 1 | |a (Guías para Padres Pirámide) | |
| 520 | |a Manual para padres útil para conocer los naturales cambios emocionales y físicos de los chicos adolescentes. Mediante el uso de ejemplos prácticos se ofrecen estratégias útiles para afrontar las diferentes situaciones para conseguir exitosamente el educar y mantener una relación padres-hijos valiosa en esa etapa de la vida de los jóvenes. | ||
| 649 | |a XX | ||
| 650 | |a Adolescentes - |x Condiciones Sociales y Culturales | ||
| 650 | |a Adolescentes - |x Condiciones Psicológicas | ||
| 650 | |a Cambio de Actitud | ||
| 650 | |a Actitudes | ||
| 650 | |a Hábitos | ||
| 650 | |a Ansiedad | ||
| 650 | |a Agresividad | ||
| 650 | |a Emoción | ||
| 650 | |a Conducta Antisocial | ||
| 650 | |a Negociación y Mediación | ||
| 650 | |a Imagen Personal | ||
| 650 | |a Relaciones Padres-Hijos | ||
| 650 | |a Relaciones Familiares | ||
| 650 | |a Desarrollo Emocional | ||
| 650 | |a Desarrollo Cognoscitivo | ||
| 650 | |a Desarrollo Físico | ||
| 650 | |a Psicología Evolutiva | ||
| 650 | |a Psicología | ||
| 650 | |a Superación Personal y Autoayuda | ||
| 700 | |a Rodríguez Marín, Jesús |e (prólogo) | ||
| 910 | |a Fondo General | ||
| 920 | |a Impresos - Libros | ||
| 930 | |a Colección General | ||
| 905 | |a 101 | ||
| 901 | |a 0500101300 |b IT1 |c ACC |u 20250521 | ||
| 902 | |a https://opac.biblio.iteso.mx/vufind/Record/000166134 | ||